| 000 | 00995nas a2200325 4500 | ||
|---|---|---|---|
| 001 | BR2014003356 | ||
| 003 | BR-BrBNA | ||
| 005 | 20231205124110.0 | ||
| 007 | ta | ||
| 008 | 230509b bl.|||p| |||| 00| 00por d | ||
| 040 |
_aBR-BrBNA _bpor _cBiblioteca Nacional de Agricultura |
||
| 041 | _a(En) | ||
| 072 | _aL02 | ||
| 100 | 1 | _aHenn, J.D. | |
| 100 | 1 | _aBertol, T.M. | |
| 100 | 1 | _aMoura, N.F. de | |
| 100 | 1 | _aColdebella, A. | |
| 100 | 1 | _aBrum, P.A.R. de | |
| 100 | 1 | _aCasagrande, M. | |
| 245 | 1 | _aOregano essential oil as food additive for piblets: antimicrobial and antioxidant potential | |
| 650 | _aLEITÃO | ||
| 650 | _aÓLEO ESSENCIAL | ||
| 650 | _aORÉGANO | ||
| 650 | _aADITIVO | ||
| 650 | _aNUTRIÇÃO ANIMAL | ||
| 773 | 0 |
_tRevista Brasileira de Zootecnia (Brazil) _xISSN 1806-9290 _g(Aug 2010), v. 39(8) p. 1761-1767 _wBR2014003356 |
|
| 856 | 4 | 0 | _uhttp://www.scielo.br/pdf/rbz/v39n8/v39n8a19.pdf |
| 909 |
_a202311 _bLúcia _c55 _dLúcia Elande |
||
| 942 |
_2AGRIS _n0 _cANA |
||
| 999 |
_c237290 _d237290 |
||